1906 1932 1307 1276 1272 1763 1056 1639 1826 1474 1869 1995 1435 1020 1801 1244 1370 1760 1513 1298 1308 1620 1593 1424 1742 1950 1821 1670 1737 1322 1764 1243 1742 1811 1039 1040 1170 1712 1919 1182 1034 1270 1076 1111 1630 1350 1000 1528 1597 1998 1448 1984 1698 1383 1832 1276 1698 1722 1487 1587 1267 1511 1530 1010 1378 1763 1045 1446 1442 1360 1395 1140 1183 1867 1696 1788 1390 1231 1338 1047 1249 1544 1557 1039 1820 1273 1034 1306 1275 1888 1626 1934 1974 1936 1406 1028 1794 1951 1562 BCNSPRNW ULIB Ver.6.0+V

เปลี่ยนเป็นภาษาไทย

Change to English
 แสดงรายละเอียดบรรณานุกรม
  กลับหน้าหลัก

Brief Record : Get Marc (ISO 2709) : E-mail record : QR code < ปิดหน้าต่าง
LEADER : 00000nam 2200000uu 4500
001    13399122996
003     ULIB
008    131127s2551||||th 000 0 tha d
099    วจ.BF576^bช166ป
100 0  ชมนาด วรรณพรศิริ, จันทร์เพ็ญ เฉลียว และ อารีย์ กุลจู
245 00 เปรียบเทียบความฉลาดทางอารมณ์ของนักศึกษาพยาบาลชั้นปีที่ 1-4 วิทยาลัยพยาบาลบรมราชชนี พุทธชินราช/^cโดยชมนาด วรรณพรศิริ, จันทร์เพ็ญ เฉลียว และ อารีย์ กุลจู
260    พิษณุโลก:^bวิทยาลัยพยาบาลบรมราชชนนี พุทธชินราช,^c2551
300    48 แผ่น
650  4 ความฉลาดทางอารมณ์^xวิจัย
650  7 นัดศึกษาพยาบาล^xวิจัย
945    ^p0^l0^i023568
999    ^aเกษร โพธิ์สุวรรณ
รายการนี้ยังไม่มีแท็ก
คุณยังไม่ได้ล็อกอิน คุณสามารถมีกิจกรรมร่วมกับเว็บไซต์ได้ แต่ต้องล็อกอินก่อน ::
  ล็อกอิน

รายการสื่อสารสนเทศ

ลำดับที่ ประเภท เลขเรียก/บาร์โค้ด สถานที่ สถานะ
1. งานวิจัย
งานวิจัย
วจ.BF576 ช166ป  
  Barcode: 023568
ห้องสมุดวิทยาเขตสวรรค์ประชารักษ์
►วิจัย
บนชั้น

BibComment


ยังไม่เคยถูกคอมเมนท์

คอมเมนท์ทรัพยากรรายการนี้
  คอมเมนท์: เปรียบเทียบความฉล..


 Copyright 2026. Bcnsprnw @Library